| 000 | 00526nam a2200169 a 4500 | ||
|---|---|---|---|
| 001 | 000042562 | ||
| 005 | 20201002040234.0 | ||
| 008 | 140127s2003 sp 000 0 spa d | ||
| 020 | _a848310878X | ||
| 040 |
_aDO-SdBNP _bspa _cBNPHU |
||
| 082 |
_axxxxxx _bxxxxxx |
||
| 100 | 1 |
_aGamoneda, Antonio, _d1931- _94067 |
|
| 245 | 1 | 0 |
_aArden las pérdidas / _cAntonio Gamoneda. |
| 260 |
_aBarcelona, : _bTusQuets, _c2003. |
||
| 300 |
_a125 p. ; _c21 cm. |
||
| 500 | _aIncluye datos biográficos del autor en la solapa de la contracubierta | ||
| 999 |
_c42051 _d42051 |
||